El jardín de las mariposas / (Record no. 158983)
[ view plain ]
| 000 -LEADER | |
|---|---|
| fixed length control field | 00731nam a22002297a 4500 |
| 005 - DATE AND TIME OF LATEST TRANSACTION | |
| control field | 20211129122623.0 |
| 008 - FIXED-LENGTH DATA ELEMENTS--GENERAL INFORMATION | |
| fixed length control field | 180130s2018 sp ||||| |||| 00| 0 spa d |
| 020 ## - INTERNATIONAL STANDARD BOOK NUMBER | |
| International Standard Book Number | 9786070746475 |
| 050 04 - LIBRARY OF CONGRESS CALL NUMBER | |
| Classification number | PS3608.U83 |
| Item number | B88 2018 |
| 100 1# - MAIN ENTRY--PERSONAL NAME | |
| Personal name | Hutchison, Dot, |
| Relator term | autor |
| 240 14 - UNIFORM TITLE | |
| Uniform title | The butterfly garden. |
| Language of a work | Español |
| 245 13 - TITLE STATEMENT | |
| Title | El jardín de las mariposas / |
| Statement of responsibility, etc | Dot Hutchison ; traducción de Graciela Romero |
| 250 ## - EDITION STATEMENT | |
| Edition statement | 1a ed. |
| 260 ## - PUBLICATION, DISTRIBUTION, ETC. (IMPRINT) | |
| Place of publication, distribution, etc | México : |
| Name of publisher, distributor, etc | Planeta Internacional, |
| Date of publication, distribution, etc | 2018 |
| 300 ## - PHYSICAL DESCRIPTION | |
| Extent | 434 p. ; |
| Dimensions | 24 cm |
| 500 ## - GENERAL NOTE | |
| General note | Traducción de : The butterfly garden. |
| 504 ## - BIBLIOGRAPHY, ETC. NOTE | |
| Bibliography, etc | Incluye índice |
| 650 04 - SUBJECT ADDED ENTRY--TOPICAL TERM | |
| Topical term or geographic name as entry element | Novela de ficción |
| 650 04 - SUBJECT ADDED ENTRY--TOPICAL TERM | |
| Topical term or geographic name as entry element | Literatura juvenil |
| 700 1# - ADDED ENTRY--PERSONAL NAME | |
| Personal name | Romero, Graciela, |
| Relator term | traductor |
| 942 ## - ADDED ENTRY ELEMENTS (KOHA) | |
| Source of classification or shelving scheme | Biblioteca del Cogreso de los Estados Unidos |
| Koha item type | Libro |
| Estado de pérdida | Fuente de clasificación | Estado del daño | No para préstamo | Ubicación permanente | Ubicación actual | Apartado o colección | Fecha de adquisición | Fuente de adquisición | Edición | Dependencia de educación superior (DES) | Área del conocimiento | Total Checkouts | Total Renewals | Clasificación | Código de Barras | Date last seen | Date checked out | Número de copia | Costo por reposición | Tipo de recurso |
|---|---|---|---|---|---|---|---|---|---|---|---|---|---|---|---|---|---|---|---|---|
| Biblioteca del Cogreso de los Estados Unidos | Biblioteca de la Facultad de Economía | Biblioteca de la Facultad de Economía | Literatura | 24/11/2021 | Unidad Académica | 1a ed. | Ciencias Económico Administrativas | Educación y Humanidades | 18 | 7 | PS3608.U83 B88 r2019 | BFE000016056 | 21/10/2025 | 08/10/2025 | C:1 | 268.00 | Libro |